000 00294nam a22001337a 4500
008 180226b xxu||||| |||| 00| 0 eng d
020 _a0815158394
041 _aeng
080 _a617
100 _a5
101 _aKIR
245 _aPlastic and reconstructive surgery
_cCoy,
942 _2udc
_cBK
999 _c43400
_d43400